Les troubles des conduites alimentaires : Anorexie, boulimie, obésité (notice n° 1567637)

détails MARC
000 -LEADER
fixed length control field 01461cam a2200169 4500500
005 - DATE AND TIME OF LATEST TRANSACTION
control field 20251214003232.0
041 ## - LANGUAGE CODE
Language code of text/sound track or separate title fre
042 ## - AUTHENTICATION CODE
Authentication code dc
100 10 - MAIN ENTRY--PERSONAL NAME
Personal name Pedinielli, Jean-Louis
Relator term author
245 00 - TITLE STATEMENT
Title Les troubles des conduites alimentaires : Anorexie, boulimie, obésité
260 ## - PUBLICATION, DISTRIBUTION, ETC.
Name of publisher, distributor, etc. Armand Colin,<br/>
Date of publication, distribution, etc. 2012.<br/>
520 ## - SUMMARY, ETC.
Summary, etc. Les troubles des conduites alimentaires représentent un véritable problème de société ainsi qu’une interrogation psychopathologique et clinique. Anorexie, boulimie et obésité qui en sont les manifestations les plus graves sont des formes de souffrance distinctes, mais dont les mécanismes peuvent se combiner et, aussi, se disjoindre. L’ouvrage a pour but de décrire ces troubles, de les illustrer au moyen de cas cliniques et de fournir les interprétations de leurs étiologies et processus, en fonction de différents courants théoriques. Ces pathologies comportent des enjeux identitaires et sanitaires importants puisqu’elles sont articulées au social, aux modèles de la beauté, à la féminité, à l’adolescence et au rôle de l’alimentation dans notre culture postmoderne. Les formes de prise en charge sont évoquées en relation avec ces enjeux.
700 10 - ADDED ENTRY--PERSONAL NAME
Personal name Ferran, Anne
Relator term author
700 10 - ADDED ENTRY--PERSONAL NAME
Personal name Grimaldi, Marie-Ange
Relator term author
700 10 - ADDED ENTRY--PERSONAL NAME
Personal name Salomone, Carmen
Relator term author
856 41 - ELECTRONIC LOCATION AND ACCESS
Uniform Resource Identifier <a href="https://shs.cairn.info/les-troubles-des-conduites-alimentaires--9782200255060?lang=fr&redirect-ssocas=7080">https://shs.cairn.info/les-troubles-des-conduites-alimentaires--9782200255060?lang=fr&redirect-ssocas=7080</a>

Pas d'exemplaire disponible.

PLUDOC

PLUDOC est la plateforme unique et centralisée de gestion des bibliothèques physiques et numériques de Guinée administré par le CEDUST. Elle est la plus grande base de données de ressources documentaires pour les Étudiants, Enseignants chercheurs et Chercheurs de Guinée.

Adresse

627 919 101/664 919 101

25 boulevard du commerce
Kaloum, Conakry, Guinée

Réseaux sociaux

Powered by Netsen Group @ 2025